000 00537nam a2200205Ia 4500
008 160319s9999 xx 000 0 und d
020 _a0-590491040
050 _a418.4
050 _b.L775d 1996
245 _aDiscovery Teams /
260 _aNew York :
260 _bScholastic Inc.
260 _c1996
300 _a136 pages ;
300 _billustrations, color ;
300 _c31 cm.
440 _a Scholastic literary place, unit 3., Grade 4.
650 _aLanguage arts (Elementary).
650 _aReading (Elementary).
999 _c291980
_d291980